| 000 | 00840nam a2200241 a 4500 | ||
|---|---|---|---|
| 001 | 74493 | ||
| 003 | BD-RjUL | ||
| 005 | 20211209082547.0 | ||
| 008 | 181008s1938 ii 000 0 eng | ||
| 035 | _a(BD-RjUL)74711 | ||
| 040 |
_aDLC _cCarP _dDLC _dBD-RjUL _beng |
||
| 041 | _aeng | ||
| 082 |
_223 _a266 _bLAC 1938 |
||
| 100 |
_aLapp, George Jay, _9223449 |
||
| 245 | 1 | 4 |
_aThe Christian church and rural India / _c compiled and written by George Jay Lapp and revised with the assistance of Christian rural welfare experts throughout India. |
| 260 |
_aCalcutta : _bY. M. C. A. publishing house, _c1938. |
||
| 300 |
_avii .,1 l., 172 p. : _c19 cm. |
||
| 650 | 0 |
_aMissions _zIndia. _9223438 |
|
| 650 | 0 |
_aRural churches _zIndia. _9223439 |
|
| 650 | 0 |
_aChurch and social problems _zIndia. _9223440 |
|
| 942 |
_2ddc _cBK |
||
| 999 |
_c74493 _d74493 |
||